Jumble Gym Quiz Stats

 Plays Quiz Updated Nov 30, 2018

Also try: Jumbled Sets
Challenge
Share
Tweet
Embed
Score 0/40 Timer 07:00
3 Plays Today
Jumble Word % Correct
VIDIVVIVID
91.5%
LOWRDWORLD
89%
SPYGYGYPSY
79.3%
BUMTHTHUMB
78.9%
EUQUEQUEUE
76.7%
FINKEKNIFE
73.7%
NAHUMHUMAN
72.3%
PADATADAPT
70.5%
FITHSSHIFT
70.4%
COXITTOXIC
69.3%
VIRRERIVER
68.2%
HILZCZILCH
61.4%
CALLOLOCAL
61%
MOJUBJUMBO
59.2%
MAWONWOMAN
54.4%
DEILYYIELD
51.4%
BOTUDDOUBT
51.2%
HULGALAUGH
48.7%
SUISEISSUE
47.1%
RERROERROR
44.7%
Jumble Word % Correct
SHOACCHAOS
43.3%
RIMONMINOR
41.5%
CENIENIECE
41.2%
BLONENOBLE
38.8%
XONNEXENON
38.8%
RAWDAAWARD
38.1%
MYTEPEMPTY
37.8%
ECKRLCLERK
37.5%
BORVABRAVO
37%
ONNUIUNION
35.5%
GOBITBIGOT
34.6%
DEYITDEITY
34%
ORREDORDER
31.1%
CLUNEUNCLE
30.9%
HIKKAKHAKI
26.8%
VIROYIVORY
26.7%
CONUEOUNCE
26.5%
APIONPIANO
25.2%
ATINGGIANT
25.2%
AFLINFINAL
21.8%

You're not logged in!

Compare scores with friends on all Sporcle quizzes.
OR
Log In

You Might Also Like...

Show Comments

Extras

Top Quizzes Today


Score Distribution

Your Account Isn't Verified!

In order to create a playlist on Sporcle, you need to verify the email address you used during registration. Go to your Sporcle Settings to finish the process.

Report this User

Report this user for behavior that violates our Community Guidelines.

Details: